<?xml version="1.0" encoding="UTF-8"?>
<collection xmlns="http://www.loc.gov/MARC21/slim">
  <record>
    <leader>00000nam  2200000   4500</leader>
    <controlfield tag="001">INLIS000000000003074</controlfield>
    <controlfield tag="005">20190627103312</controlfield>
    <datafield tag="035" ind1="#" ind2="#">
      <subfield code="a">0010-0718003074</subfield>
    </datafield>
    <controlfield tag="008">190627################g##########0#ind##</controlfield>
    <datafield tag="041" ind1=" " ind2=" ">
      <subfield code="a">id</subfield>
    </datafield>
    <datafield tag="082" ind1="#" ind2="#">
      <subfield code="a">153.8</subfield>
    </datafield>
    <datafield tag="090" ind1=" " ind2=" ">
      <subfield code="a">153.8 Cas k</subfield>
    </datafield>
    <datafield tag="100" ind1=" " ind2="#">
      <subfield code="a">Casson, Herbert N.</subfield>
    </datafield>
    <datafield tag="245" ind1="1" ind2="#">
      <subfield code="a">Kunci sukses mencapai jabatan lebih tinggi. /</subfield>
      <subfield code="c">Herbert N. Casson</subfield>
    </datafield>
    <datafield tag="250" ind1="#" ind2="#">
      <subfield code="a">Cet.1</subfield>
    </datafield>
    <datafield tag="260" ind1="#" ind2="#">
      <subfield code="a">Jakarta :</subfield>
      <subfield code="b">Pijar Fandra Gemilang,</subfield>
      <subfield code="c">1992</subfield>
    </datafield>
    <datafield tag="300" ind1="#" ind2="#">
      <subfield code="a">195 hlm. ;</subfield>
      <subfield code="c">20 cm</subfield>
    </datafield>
    <datafield tag="650" ind1=" " ind2="#">
      <subfield code="a">Psikologi</subfield>
    </datafield>
    <datafield tag="084" ind1="#" ind2="#">
      <subfield code="a">153.8 Cas k</subfield>
    </datafield>
    <datafield tag="504" ind1="#" ind2="#">
      <subfield code="a">Kunci Sukses Mencapai Jabatan Lebih Tinggi. Buku ini memberikan pengetahuan, kearifan, dan pengalaman, yang akan menuntun anda kelangkah paling maju dalam meniti kehidupan. Mulai dari menciptakan pekerjaan yang kurang menarik menjadi hal yang menarik sampai pada saat anda mengembangkan kecakapan untuk memimpin orang lain. Kunci Sukses Memegang Pucuk Pimpinan. Bagaimana menjadi pemimpin yang baik, disegani bawahan, berhasil memajukan perusahaan serta meningkatkan taraf kehidupan bawahannya, dikupas secara apik dalam buku ini dengan contoh-contoh nyata dari mereka yang berhasil maupun yang gagal karena banyak hal penyebabnya. Siapapun yang membaca buku ini akan membuat dirinya arif, bijaksana dan berani mengambil keputusan dalam menentukan sikap sebagaimana yang dituntut oleh seorang pemimpin. Kunci Sukses; Sukses dan Kebahagiaan. Semua orang menginginkan hidup sukses dan bahagia. Buku ini memberikan pelajaran serta pengalaman yang akan membuat hidup penuh gairah dalam meniti karir dan rumah tangga. Buku inimmengangkat kiat-kiat menuju hidup sukses dan bahagia yang jarang diungkapkan oleh penulis lain, baik itu berupa buku maupun media cetak lainnya. Oleh sebab itu buku ini merupakan jembatan emas bagi anda.</subfield>
    </datafield>
    <datafield tag="856" ind1="#" ind2="#">
      <subfield code="a">Perpustakaan Lembaga Administrasi Negara</subfield>
    </datafield>
    <datafield tag="990" ind1="#" ind2="#">
      <subfield code="a">24738</subfield>
    </datafield>
    <datafield tag="990" ind1="#" ind2="#">
      <subfield code="a">24738</subfield>
    </datafield>
  </record>
</collection>
